| 000 | 00493nab a2200145Ia 4500 | ||
|---|---|---|---|
| 003 | ES-SlBCS | ||
| 005 | 20220906011053.0 | ||
| 008 | 140529s1995 xxu||||| |||| 00| 0 eng d | ||
| 041 | _aeng | ||
| 100 | 1 |
_aDahlstrom, Daniel O. _951010 |
|
| 245 | 0 | 0 |
_aHeidegger's Concept of Temporality: Reflections on a Recent Criticism _c Daniel O. Dahlstrom |
| 600 | 1 | 0 |
_aHeidegger, Martín _d(1889-1976) _917559 |
| 773 | 0 |
_tReview of Methaphysics _gvol. 49, nº. 193, 1995, págs. 95-115 _wRev843 |
|
| 942 | _cAR | ||
| 999 |
_c531066 _d531066 |
||